| 000 | 00422nam a2200157Ia 4500 | ||
|---|---|---|---|
| 008 | 151213s9999 xx 000 0 und d | ||
| 100 | _aLawrence ( Wilson F.) | ||
| 245 |
_aSons & Lovers, _cLawrence ( Wilson F.) |
||
| 250 | _a1st | ||
| 260 |
_aNew Delhi _bRama Brothers _c1986 |
||
| 300 | _a4892 p. | ||
| 650 | _aEnglish Literature | ||
| 650 | _aEnglish Literature | ||
| 700 | _aLawrence ( Wilson F.) | ||
| 999 |
_c3075 _d3075 |
||